000 00679nam a22001937a 4500
003 BD-DhJNU
005 20250723073131.0
008 250723b |||||||| |||| 00| 0 eng d
040 _aBD-DhJNU
_bENG
_cBD-DhJNU
_dBD-DhJNU
082 _223
_a973.02 SAU
100 _aSaveth, Edward Norman
245 _aUnderstanding the American past :
_bAmerican history and its interpretation /
_cwritten and edited by Edward N. Saveth
260 _aBoston :
_bLittle, Brown,
_c1954.
300 _aix, 613p. :
_bill. ;
_c22 cm
504 _aIncludes bibliographical references and index
650 _aUnited States
_xHistory
650 _aUnited States
_xHistoriography
942 _2ddc
_cBK
_n0
999 _c1936
_d1936